| 000 | 01577nam a2200373Ia 4500 | ||
|---|---|---|---|
| 001 | ebr10614898 | ||
| 003 | CaPaEBR | ||
| 006 | m u | ||
| 007 | cr cn||||||||| | ||
| 008 | 001004s2001 lauab sb s001 0 eng | ||
| 010 | _z 00011767 | ||
| 020 | _z9780807127285 | ||
| 020 | _z9780807152621 | ||
| 040 |
_aCaPaEBR _cCaPaEBR |
||
| 035 | _a(OCoLC)815970837 | ||
| 043 | _an-us-la | ||
| 050 | 1 | 4 |
_aHD8039.S85 _bU67 2001eb |
| 082 | 0 | 4 |
_a331.7/63361/09763 _221 |
| 100 | 1 | _aRodrigue, John C. | |
| 245 | 1 | 0 |
_aReconstruction in the cane fields _h[electronic resource] : _bfrom slavery to free labor in Louisiana's sugar parishes, 1862-1880 / _cJohn C. Rodrigue. |
| 260 |
_aBaton Rouge : _bLouisiana State University Press, _cc2001. |
||
| 300 |
_axvi, 224 p. : _bill., 1 map. |
||
| 500 | _aEnlargement of author's thesis (doctoral)--Emory University. | ||
| 504 | _aIncludes bibliographical references (p. [197]-218) and index. | ||
| 533 |
_aElectronic reproduction. _bPalo Alto, Calif. : _cebrary, _d2011. _nAvailable via World Wide Web. _nAccess may be limited to ebrary affiliated libraries. |
||
| 650 | 0 |
_aSugar workers _zLouisiana _xHistory. |
|
| 650 | 0 |
_aPlantation workers _zLouisiana _xHistory. |
|
| 650 | 0 |
_aSlavery _zLouisiana _xHistory. |
|
| 650 | 0 |
_aSlaves _xEmancipation _zLouisiana _xHistory. |
|
| 650 | 0 |
_aSugarcane industry _zLouisiana _xHistory. |
|
| 655 | 7 |
_aElectronic books. _2local |
|
| 710 | 2 | _aebrary, Inc. | |
| 856 | 4 | 0 |
_uhttp://site.ebrary.com/lib/rucke/Doc?id=10614898 _zAn electronic book accessible through the World Wide Web; click to view |
| 999 |
_c101344 _d101344 |
||